Tet: The lunar new year
Gardado en:
| Autor Principal: | |
|---|---|
| Formato: | Libro |
| Idioma: | Undetermined |
| Publicado: |
Hà Nội
Thế Giới
1997
|
| Những chủ đề: | |
| Các nhãn: |
Engadir etiqueta
Sen Etiquetas, Sexa o primeiro en etiquetar este rexistro!
|
| Thư viện lưu trữ: | Trung tâm Học liệu Trường Đại học Cần Thơ |
|---|
| LEADER | 00521nam a2200193Ia 4500 | ||
|---|---|---|---|
| 001 | CTU_37027 | ||
| 008 | 210402s9999 xx 000 0 und d | ||
| 020 | |b 139.800đ | ||
| 082 | |a 394.2614 | ||
| 082 | |b H656 | ||
| 100 | |a Hữu Ngọc | ||
| 245 | 0 | |a Tet: The lunar new year | |
| 245 | 0 | |c Hữu Ngọc, Barbara Cohen | |
| 260 | |a Hà Nội | ||
| 260 | |b Thế Giới | ||
| 260 | |c 1997 | ||
| 650 | |a vietnamese new year | ||
| 904 | |i Minh, 000617 | ||
| 980 | |a Trung tâm Học liệu Trường Đại học Cần Thơ | ||